000 00442nam a2200157 i 4500
001 76440
003 ES-MaACL
005 20230906172837.0
007 t|
008 041001s1972 pr ||||1| spa d
245 0 0 _aGuía para el estudio de español.
260 _aPuerto Rico :
_bDepartamento de Educación de Escuelas Católicas,
_c[1972]
300 _av. ;
_c21 cm.
500 _aSon los t. VII y X.
852 _aES-MaACL
_jP-1730
_bR.82872
999 _c76440
_d76440